| 000 | 01100nam a2200313 i 4500 | ||
|---|---|---|---|
| 005 | 20200104041616.0 | ||
| 008 | 160113s2009 ec |||||r|||| 00| 0 eng d | ||
| 020 | _a9789942995902 | ||
| 040 |
_aCO-BoIAVH _cCO-BoIAVH |
||
| 041 | _aeng | ||
| 044 | _aec | ||
| 082 | 0 | 4 |
_a598.9 _bB618i |
| 245 | 0 | 0 |
_aImportant bird areas : _bamericas priority sites for biodiversity conservation / _csenior editors and program managers Christian Devenish y (otros cuatro mas). |
| 260 |
_aQuito : _bBirdlife International, _c2009 |
||
| 300 |
_a456 páginas ; _c30 cm. |
||
| 490 | 0 | 0 |
_aBirdlife conservation series ; _v16 |
| 650 | 1 | 4 |
_aAves _xConservación |
| 650 | 2 | 4 | _aConservación de la vida silvestre |
| 650 | 2 | 4 | _aConservación de especies |
| 650 | 2 | 4 | _aConservación biológica |
| 650 | 2 | 4 | _aProtección de las aves |
| 700 | 1 | _aDíaz Fernández, David F. | |
| 700 | 1 | _aDevenish, Christian | |
| 700 | _aClay, Rob P. | ||
| 700 | _aDavidson, Ian J. | ||
| 700 | _aYèpez Zabala, Itala | ||
| 942 |
_cLIBRO _2ddc |
||
| 945 | _d2010-07-22 | ||
| 999 |
_c7284 _d7284 |
||